Study guide for Engineering economic analysis, ninth edition, [by] Donald G. Newnan, Ted G. Eschenbach, Jerome P. Lavelle / (Record no. 548352)

000 -LEADER
fixed length control field 00700cam a2200193 a 4500
020 ## - INTERNATIONAL STANDARD BOOK NUMBER
International Standard Book Number 0195171497 (pbk.)
020 ## - INTERNATIONAL STANDARD BOOK NUMBER
International Standard Book Number 9780195171495 (pbk.)
082 04 - DEWEY DECIMAL CLASSIFICATION NUMBER
Classification number 658.15
Author Mark NEW
-- N-01, P-149
245 00 - TITLE STATEMENT
Title Study guide for Engineering economic analysis, ninth edition, [by] Donald G. Newnan, Ted G. Eschenbach, Jerome P. Lavelle /
Statement of responsibility, etc. [edited by] Donald G. Newnan, Ed Wheeler.
250 ## - EDITION STATEMENT
Edition statement 9th ed.
260 ## - PUBLICATION, DISTRIBUTION, ETC.
Place of publication, distribution, etc. New York ;
-- Oxford:
Name of publisher, distributor, etc. Oxford University Press,
Date of publication, distribution, etc. 2004.
300 ## - PHYSICAL DESCRIPTION
Extent vi, 250, [32] p. ;
Dimensions 24 cm.
526 ## - STUDY PROGRAM INFORMATION NOTE
Program name 0
Interest level 0
Reading level 0
Title point value 658_150000000000000_NEW
650 #0 - SUBJECT ADDED ENTRY--TOPICAL TERM
Topical term or geographic name entry element Engineering economy
650 #0 - SUBJECT ADDED ENTRY--TOPICAL TERM
Topical term or geographic name entry element NUST
9 (RLIN) 6342
700 1# - ADDED ENTRY--PERSONAL NAME
Personal name Newnan, Donald G.
9 (RLIN) 24913
700 1# - ADDED ENTRY--PERSONAL NAME
Personal name Wheeler, Ed
9 (RLIN) 44606
942 ## - ADDED ENTRY ELEMENTS (KOHA)
Source of classification or shelving scheme
Koha item type Book
Holdings
Withdrawn status Lost status Source of classification or shelving scheme Damaged status Not for loan Permanent Location Current Location Date acquired Total Checkouts Full call number Barcode Date last seen Date last checked out Price effective from Koha item type
          Military College of Engineering (MCE) Military College of Engineering (MCE) 08/27/2014 2 658.15 NEW MCE-38994 02/27/2017 02/22/2017 08/27/2014 Book
© 2023 Central Library, National University of Sciences and Technology. All Rights Reserved.